Research Square
Guardado en:
| Formato: | Seriadas |
|---|---|
| Lenguaje: | inglés |
| Publicado: |
Durham
Research Square Company
|
| Etiquetas: |
Sin Etiquetas, Sea el primero en etiquetar este registro!
|
MARC
| LEADER | 00000nls a2200000 4500 | ||
|---|---|---|---|
| 001 | 0271413 | ||
| 005 | 20230421075257.4 | ||
| 022 | |a 2693-5015 | ||
| 041 | 0 | |a eng | |
| 044 | |a US | ||
| 245 | 1 | 0 | |a Research Square |
| 264 | 1 | |a Durham |b Research Square Company | |